| 000 | 00608nam a22001817a 4500 | ||
|---|---|---|---|
| 999 |
_c14115 _d14115 |
||
| 003 | AR-CdUCM | ||
| 008 | 190422b ||||| |||| 00| 0 spa d | ||
| 020 | _a978-958-766-683-0 | ||
| 040 |
_aMUNICIPALIDAD PROVINCIAL DEL CUSCO _cBIBLIOTECA MUNICIPAL DEL CUSCO |
||
| 082 |
_aPI / 376.1 / _bP23 |
||
| 110 |
_aPanamericana _932782 |
||
| 245 |
_aSelva misteriosa : _bintérnate en la selva y vive una aventura salvaje / |
||
| 260 |
_aColombia : _bPanamericana, _c2015. |
||
| 300 |
_bIlustraciones, _c26 cm. _a8 páginas ; |
||
| 650 |
_aCuentos infantiles _93927 |
||
| 942 |
_2ddc _cLIBROS |
||
| 945 |
_aacv _d2019-04-22 |
||